Low carbon housing (Record no. 111418)

MARC details
000 -LEADER
fixed length control field 01146cad a22002655a 4500
001 - CONTROL NUMBER
control field L151516
008 - FIXED-LENGTH DATA ELEMENTS--GENERAL INFORMATION
fixed length control field 101112s2010 xxk f 000 0 eng d
020 ## - INTERNATIONAL STANDARD BOOK NUMBER
International Standard Book Number 9781859357668
035 ## - SYSTEM CONTROL NUMBER
System control number (Sirsi) u151516
041 0# - LANGUAGE CODE
Language code of text/sound track or separate title eng
050 04 - LIBRARY OF CONGRESS CALL NUMBER
Classification number 333.72 $2 18
100 1# - MAIN ENTRY--PERSONAL NAME
Personal name Bell, Malcolm
245 00 - TITLE STATEMENT
Title Low carbon housing
Remainder of title lessons from Elm Tree Mews
Medium [electronic resource]
260 ## - PUBLICATION, DISTRIBUTION, ETC.
Place of publication, distribution, etc. York
Name of publisher, distributor, etc. Leeds Metropolitan University
Date of publication, distribution, etc. 2010
520 ## - SUMMARY, ETC.
Summary, etc. This report sets out the findings from a low carbon housing trial at Elm Tree Mews in York, UK, and discusses the technical and policy issues that arise from it; new build; timber-frame construction; government targets for all new housing to be zero carbon by 2016.
590 ## - LOCAL NOTE (RLIN)
Local note KA NTK
651 #4 - SUBJECT ADDED ENTRY--GEOGRAPHIC NAME
Geographic name England and Wales
Chronological subdivision 1543-
690 ## - LOCAL SUBJECT ADDED ENTRY--TOPICAL TERM (OCLC, RLIN)
Topical term or geographic name as entry element PROPERTY-RESIDENTIAL PROPERTY-DOMESTIC RESIDENTIAL PROPERTY-HOUSING
700 1# - ADDED ENTRY--PERSONAL NAME
Personal name Wingfield, Jez
700 1# - ADDED ENTRY--PERSONAL NAME
Personal name Miles-Shenton, Dominic
700 1# - ADDED ENTRY--PERSONAL NAME
Personal name Seavers, Jenny
710 1# - ADDED ENTRY--CORPORATE NAME
Corporate name or jurisdiction name as entry element Joseph Rowntree Foundation
9 (RLIN) 2318
856 40 - ELECTRONIC LOCATION AND ACCESS
Uniform Resource Identifier <a href="https://www.jrf.org.uk/sites/files/jrf/low-carbon-housing-full.pdf">https://www.jrf.org.uk/sites/files/jrf/low-carbon-housing-full.pdf</a>
Public note View the report free of charge at www.jrf.org.uk
942 ## - ADDED ENTRY ELEMENTS (KOHA)
Suppress in OPAC 0
Holdings
Withdrawn status Lost status Source of classification or shelving scheme Damaged status Not for loan Home library Current library Shelving location Date acquired Total Checkouts Full call number Barcode Date last seen Copy number Price effective from Koha item type
    Dewey Decimal Classification     Virtual Virtual Online 12/11/2010   ONLINE PUBLICATION 151516-1001 06/08/2019 1 06/08/2019 Book